| 000 | 00621nam a2200217 u 4500 | ||
|---|---|---|---|
| 005 | 20240228063749.0 | ||
| 008 | 181010s2008 mx r 000 0 spa d | ||
| 035 | _aUPN01000227146 | ||
| 049 | _aI | ||
| 050 | 4 |
_aPZ74.3 _bG5.6 |
|
| 100 | 1 |
_aGil, Emilia _939033 |
|
| 245 | 1 | 0 |
_aParches : _bun gato especial / _cEmilia Gil ; il. Leonid Nepomniachi. |
| 260 |
_aMéxico : _bTrillas, _c2008. |
||
| 300 |
_a24 p. : _bil. col. |
||
| 440 | 0 | _aMaqueta | |
| 650 | 4 |
_aRimas infantiles _910247 |
|
| 650 | 4 |
_aGATOS - _vLITERATURA INFANTIL _910191 |
|
| 650 | 4 |
_aCuentos infantiles _96744 |
|
| 905 | _aInfantil | ||
| 999 |
_c199242 _d199242 |
||